| Tag |
First Indicator |
Second Indicator |
Subfields |
| LEADER |
00000cam a2200000 a 4500 |
| 001 |
in00000013353 |
| 005 |
20151007052404.0 |
| 008 |
861104s1987 nyubg b 00010 eng d |
| 010 |
|
|
|a 86081842
|
| 020 |
|
|
|a 0914678272
|
| 035 |
|
|
|a (OCoLC)14633160
|
| 035 |
|
|
|9 AAA7571AM
|
| 040 |
|
|
|a LLM
|c LLM
|d SMI
|d OCL
|d CLA
|d TXA
|d UtOrBLW
|
| 049 |
|
|
|a TXAM
|c [A12642360]
|
| 050 |
|
4 |
|a ML3530
|b .B515 1987
|
| 100 |
1 |
|
|a Berlin, Edward A.
|
| 245 |
1 |
0 |
|a Reflections and research on ragtime /
|c Edward A. Berlin.
|
| 264 |
|
1 |
|a Brooklyn, N.Y. :
|b Institute for Studies in American Music, Conservatory of Music, Brooklyn College of the City University of New York,
|c [1987]
|
| 264 |
|
4 |
|c ©1987
|
| 300 |
|
|
|a xii, 99 pages :
|b maps, music ;
|c 22 cm.
|
| 336 |
|
|
|a text
|b txt
|2 rdacontent
|
| 337 |
|
|
|a unmediated
|b n
|2 rdamedia
|
| 338 |
|
|
|a volume
|b nc
|2 rdacarrier
|
| 490 |
1 |
|
|a I.S.A.M. monographs ;
|v no. 24
|
| 504 |
|
|
|a Bibliography: pages 93-98.
|
| 504 |
|
|
|a "A list of recordings cited": page 99.
|
| 650 |
|
0 |
|a Ragtime music
|x History and criticism.
|
| 830 |
|
0 |
|a I.S.A.M. monographs ;
|v no. 24.
|
| 999 |
|
|
|a MARS
|
| 999 |
f |
f |
|s dad1ab9a-cad3-3e5b-9bb6-5361b4511aae
|i cf69c454-f36a-3d96-a240-b6e4cd1fd861
|t 0
|
| 952 |
f |
f |
|p ric
|a Texas A&M University
|b Rellis Campus
|c Joint Library Facility
|d Remote Storage
|t 0
|e ML3530 .B515 1987
|h Library of Congress classification
|i unmediated -- volume
|m A14812642360
|
| 998 |
f |
f |
|a ML3530 .B515 1987
|t 0
|l Remote Storage
|